[Event "World ol U16"]
[Site "Corum"]
[Date "2019.11.05"]
[Round "9.22"]
[White "Gardiner, Noa Saxon"]
[Black "Nanayakkara, JAK Saranath"]
[Result "0-1"]
[WhiteElo "1311"]
[BlackElo "1924"]
[PlyCount "55"]
[EventDate "2019.10.29"]
[EventType "team-swiss"]
[EventRounds "9"]
[EventCountry "TUR"]
[SourceTitle "CBM 192 Extra"]
[Source "Chessbase"]
[SourceDate "2019.11.06"]
[SourceVersion "1"]
[SourceVersionDate "2019.11.06"]
[SourceQuality "1"]
[WhiteTeam "South Africa III"]
[BlackTeam "Sri Lanka"]
[WhiteTeamCountry "RSA"]
[BlackTeamCountry "SRI"]

1. e4 c5 2. Nc3 Nc6 3. g3 g6 4. Bg2 Bg7 5. d3 d6 6. Be3 e5 7. Qd2 Nge7 8. Bh6 0-0 9. h4 Bxh6 10. Qxh6 f6 11. Qd2 Nd4 12. Nd1 Be6 13. c3 Ndc6 14. h5 g5 15. h6 d5 16. f4 dxe4 17. fxg5 Qxd3 18. Qxd3 exd3 19. Kd2 fxg5 20. Kxd3 Rad8+ 21. Ke2 Nf5 22. Rh2 Nxg3+ 23. Ke1 e4 24. Ne2 Nxe2 25. Kxe2 Ne5 26. Ne3 Bg4+ 27. Ke1 Nd3+ 28. Kd2 0-1

[Event "World ol U16"]
[Site "Corum"]
[Date "2019.10.30"]
[Round "2.17"]
[White "Tadic, Stefan"]
[Black "Nanayakkara, JAK Saranath"]
[Result "0-1"]
[WhiteElo "2295"]
[BlackElo "1924"]
[PlyCount "72"]
[EventDate "2019.10.29"]
[EventType "team-swiss"]
[EventRounds "9"]
[EventCountry "TUR"]
[SourceTitle "CBM 192 Extra"]
[Source "Chessbase"]
[SourceDate "2019.11.06"]
[SourceVersion "1"]
[SourceVersionDate "2019.11.06"]
[SourceQuality "1"]
[WhiteTeam "Serbia"]
[BlackTeam "Sri Lanka"]
[WhiteTeamCountry "SRB"]
[BlackTeamCountry "SRI"]

1. e4 c5 2. Nc3 Nc6 3. Bb5 Nd4 4. Ba4 a6 5. Bb3 g6 6. Nf3 Bg7 7. Nxd4 cxd4 8. Ne2 d6 9. d3 e5 10. 0-0 Ne7 11. f4 0-0 12. Ng3 exf4 13. Bxf4 Nc6 14. Qd2 Be6 15. Bg5 Qa5 16. Qf4 Qe5 17. Qh4 Bxb3 18. cxb3 f6 19. Bd2 Qb5 20. Bh6 Qxd3 21. Bxg7 Qe3+ 22. Kh1 Kxg7 23. Rf4 Ne5 24. Raf1 d3 25. Qh3 Qd4 26. Rh4 h5 27. Rxh5 Rh8 28. Nf5+ gxf5 29. Qg3+ Ng4 30. Rfxf5 Rxh5 31. Qxg4+ Rg5 32. Rxg5+ fxg5 33. Qd7+ Kf6 34. Qf5+ Ke7 35. Qh7+ Kd8 36. Qg8+ Kc7 0-1

[Event "Wch U16"]
[Site "Mumbai"]
[Date "2019.10.07"]
[Round "7"]
[White "Nanayakkara, JAK Saranath"]
[Black "Manafov, Vugar Gulam"]
[Result "0-1"]
[WhiteElo "1924"]
[BlackElo "2357"]
[PlyCount "80"]
[EventDate "2019.10.02"]
[EventType "swiss"]
[EventRounds "11"]
[EventCountry "IND"]
[SourceTitle "EXT 2020"]
[Source "ChessBase"]
[SourceDate "2019.10.17"]
[SourceVersion "1"]
[SourceVersionDate "2019.10.17"]
[SourceQuality "1"]

1. d4 Nf6 2. Nf3 d5 3. c4 e6 4. Nc3 c6 5. cxd5 exd5 6. Bg5 Be7 7. Qc2 h6 8. Bf4 Nbd7 9. e3 Nh5 10. Be5 Nxe5 11. dxe5 g6 12. Bd3 Ng7 13. 0-0 Ne6 14. Rad1 Qc7 15. Bxg6 fxg6 16. Qxg6+ Kf8 17. Qf5+ Kg7 18. Qg4+ Ng5 19. Qg3 Kh7 20. Nxg5+ hxg5 21. Rd4 Bf5 22. Rc1 Qb6 23. Rd2 Qb4 24. Rcd1 Qg4 25. Qxg4 Bxg4 26. f3 Be6 27. Ne2 Bb4 28. Rc2 Bf5 29. Rcc1 Rae8 30. Nd4 Rhf8 31. f4 Bg4 32. Rd3 gxf4 33. Rb3 c5 34. Nc2 a5 35. exf4 Rxf4 36. Rd3 Rxe5 37. a3 c4 38. Rg3 Bc5+ 39. Kh1 Bf2 40. Rc3 Be1 0-1

[Event "Negombo op 3rd"]
[Site "Negambo"]
[Date "2017.08.20"]
[Round "2"]
[White "Subasinghe, SMTD"]
[Black "Nanayakkara, JAK Saranath"]
[Result "0-1"]
[WhiteElo "1112"]
[BlackElo "1966"]
[PlyCount "80"]
[EventDate "2017.08.20"]
[EventType "swiss"]
[EventRounds "10"]
[EventCountry "SRI"]
[SourceTitle "CBM 180 Extra"]
[Source "ChessBase"]
[SourceDate "2017.10.06"]
[SourceVersion "1"]
[SourceVersionDate "2017.10.06"]
[SourceQuality "1"]

1. e4 c5 2. f4 Nc6 3. Nc3 g6 4. Nf3 Bg7 5. Bc4 e6 6. 0-0 Nge7 7. d3 0-0 8. e5 d6 9. exd6 Qxd6 10. Be3 b6 11. Qd2 Bb7 12. Rae1 Nf5 13. Ne4 Qc7 14. c3 Rad8 15. Qe2 Na5 16. Bb3 Nxb3 17. axb3 Ba6 18. Rd1 Qc6 19. Nf2 Bb7 20. Rfe1 Qb5 21. Rd2 Qxb3 22. Ne4 c4 23. Nf2 cxd3 24. Nxd3 Ba6 25. Red1 Rd5 26. Bf2 Rfd8 27. Nfe1 Nd6 28. Qf3 Nc4 29. Rc2 Na5 30. Rcd2 Qc4 31. Re2 Nb3 32. Re3 Nc5 33. b3 Nxb3 34. h3 Nc5 35. Nb2 Qf1+ 36. Kh2 Rxd1 37. Nxd1 Bb7 38. Qg3 Rxd1 39. Qh4 Rxe1 40. Qg3 Qh1# 0-1

[Event "World School-ch U13"]
[Site "Sochi"]
[Date "2016.12.04"]
[Round "2"]
[White "Esipenko, Aleksandr"]
[Black "Nanayakkara, JAK Saranath"]
[Result "1/2-1/2"]
[WhiteElo "1855"]
[BlackElo "2084"]
[PlyCount "95"]
[EventDate "2016.12.03"]
[EventType "swiss"]
[EventRounds "9"]
[EventCountry "RUS"]
[SourceTitle "EXT 2018"]
[Source "ChessBase"]
[SourceDate "2017.10.13"]
[SourceVersion "1"]
[SourceVersionDate "2017.10.13"]
[SourceQuality "1"]

1. e4 c5 2. Nf3 d6 3. d4 cxd4 4. Nxd4 Nf6 5. f3 e5 6. Nb3 Be6 7. c4 Qc7 8. Be3 Nbd7 9. N3d2 Be7 10. Be2 0-0 11. 0-0 Ne8 12. Nc3 Nb6 13. Nd5 Nxd5 14. cxd5 Bd7 15. Rc1 Qd8 16. Qb3 b6 17. Bb5 f5 18. f4 exf4 19. Bxf4 g5 20. Be3 f4 21. Bd4 Bf6 22. Nf3 Bxb5 23. Qxb5 g4 24. e5 Bg7 25. Nd2 dxe5 26. Bc3 Nd6 27. Qe2 Qd7 28. Bb4 Rfc8 29. Bxd6 Rxc1 30. Rxc1 f3 31. gxf3 gxf3 32. Qxf3 Qxd6 33. Rc6 Qd7 34. d6 Rf8 35. Qg2 Rf7 36. Ne4 Kh8 37. Rc7 Qf5 38. Rxf7 Qxf7 39. Qg4 Bf8 40. Qc8 Qg6+ 41. Kf2 Kg7 42. d7 Qxe4 43. d8Q Bc5+ 44. Qxc5 Qf4+ 45. Kg2 Qg4+ 46. Kf2 Qf5+ 47. Kg2 Qg6+ 48. Kh3 1/2-1/2

[Event "Asia-chT Cup U14"]
[Site "Jiaxing"]
[Date "2016.11.11"]
[Round "8.12"]
[White "Nanayakkara, JAK Saranath"]
[Black "Chan, Yi Meng Ryan"]
[Result "1-0"]
[WhiteElo "1989"]
[BlackElo "1964"]
[PlyCount "73"]
[EventDate "2016.11.06"]
[EventType "swiss"]
[EventRounds "9"]
[EventCountry "CHN"]
[SourceTitle "EXT 2021"]
[Source "ChessBase"]
[SourceDate "2020.10.23"]
[SourceVersion "1"]
[SourceVersionDate "2020.10.23"]
[SourceQuality "1"]

1. d4 d5 2. Nf3 Nf6 3. Bf4 c6 4. c4 e6 5. e3 Nbd7 6. Nc3 Be7 7. Qc2 Nh5 8. Be5 Nxe5 9. dxe5 g6 10. g4 Ng7 11. Bd3 Qa5 12. Nd2 Bd7 13. Nb3 Qc7 14. f4 dxc4 15. Bxc4 b5 16. Bd3 Qb6 17. Qe2 h5 18. gxh5 Rxh5 19. Qf3 0-0-0 20. Rc1 Kb8 21. Ne4 Be8 22. Ke2 Nf5 23. Nbc5 Rd5 24. b4 Rd8 25. a4 a5 26. bxa5 Qxa5 27. axb5 Bxc5 28. Nxc5 Qa2+ 29. Rc2 Qa3 30. h3 Rd5 31. Na6+ Ka7 32. Rd1 cxb5 33. Nc7 Rd8 34. Nxe8 Rxe8 35. Rc7+ Kb6 36. Qc6+ Ka5 37. Ra7+ 1-0

[Event "Asia-chT Cup U14"]
[Site "Jiaxing"]
[Date "2016.11.07"]
[Round "3.3"]
[White "Fang, Kun"]
[Black "Nanayakkara, JAK Saranath"]
[Result "0-1"]
[WhiteElo "1320"]
[BlackElo "1989"]
[PlyCount "116"]
[EventDate "2016.11.06"]
[EventType "swiss"]
[EventRounds "9"]
[EventCountry "CHN"]
[SourceTitle "EXT 2021"]
[Source "ChessBase"]
[SourceDate "2020.10.23"]
[SourceVersion "1"]
[SourceVersionDate "2020.10.23"]
[SourceQuality "1"]

1. e4 c5 2. Nf3 d6 3. Bc4 Nc6 4. a3 g6 5. Nc3 Bg7 6. d3 e6 7. Rb1 Nge7 8. Bf4 a6 9. a4 d5 10. exd5 exd5 11. Bb3 Bg4 12. h3 Bxf3 13. Qxf3 Nd4 14. Qd1 Nxb3 15. cxb3 Qd7 16. 0-0 0-0 17. Qf3 b5 18. a5 Rad8 19. Rfe1 Nc6 20. Bg5 f6 21. Bf4 Nxa5 22. Ra1 Nxb3 23. Rxa6 Nd4 24. Qd1 Qb7 25. Rd6 Nf5 26. Rde6 d4 27. Ne4 Qd5 28. Rb6 c4 29. g4 Ne7 30. Bd6 Rde8 31. Nc5 Nc6 32. Bxf8 Rxf8 33. Ne4 f5 34. dxc4 bxc4 35. Nc3 Qc5 36. Rb5 Qd6 37. gxf5 gxf5 38. Ne2 Ne5 39. Nf4 Re8 40. Rd5 Qc6 41. Kf1 d3 42. Qd2 Nf3 43. Rxe8+ Qxe8 44. Qe3 Qxe3 45. fxe3 Bxb2 46. Rxf5 Ne5 47. Kf2 d2 48. Ke2 c3 49. Kd1 Nc4 50. Ng2 Bc1 51. Rd5 Kf7 52. Kc2 Bb2 53. e4 Na3+ 54. Kb3 c2 55. Rxd2 c1Q 56. Rxb2 Nb5 57. e5 Qc3+ 58. Ka2 Qxe5 0-1

[Event "Wch U14"]
[Site "Khanty-Mansiysk"]
[Date "2016.10.02"]
[Round "10"]
[White "Ganerdene, Sugar"]
[Black "Nanayakkara, JAK Saranath"]
[Result "0-1"]
[WhiteElo "2056"]
[BlackElo "1923"]
[PlyCount "103"]
[EventDate "2016.09.22"]
[EventType "swiss"]
[EventRounds "11"]
[EventCountry "RUS"]
[SourceTitle "EXT 2017"]
[Source "ChessBase"]
[SourceDate "2016.10.25"]
[SourceVersion "1"]
[SourceVersionDate "2016.10.25"]
[SourceQuality "1"]

1. e4 c5 2. Nf3 d6 3. d4 cxd4 4. Nxd4 Nf6 5. Nc3 a6 6. Bg5 e6 7. Qf3 Nbd7 8. 0-0-0 h6 9. Bxf6 Qxf6 10. Qe3 Be7 11. f4 b5 12. Nc6 Bb7 13. Nxe7 Qxe7 14. a3 Nf6 15. Be2 Rc8 16. Bf3 0-0 17. Kb1 Rc4 18. Rd4 Rfc8 19. Rxc4 Rxc4 20. Rd1 Qc7 21. Qd3 Ne8 22. Be2 Rc5 23. Bf3 Qb6 24. Qd4 Qc7 25. Be2 Qe7 26. Qe3 Rc8 27. Bd3 Qc7 28. g4 Qc5 29. Re1 b4 30. Na4 Qa5 31. Qb6 Qxa4 32. Qxb7 Qc6 33. Qxc6 Rxc6 34. axb4 Nf6 35. h3 e5 36. fxe5 dxe5 37. Rd1 Rd6 38. c3 Nxe4 39. Kc2 Nf2 40. Rd2 Nxh3 41. Be2 Rxd2+ 42. Kxd2 Nf4 43. Ke3 Nxe2 44. Kxe2 Kf8 45. Kd3 Ke7 46. c4 Kd6 47. Ke4 g6 48. c5+ Ke6 49. b5 axb5 50. b4 f5+ 51. gxf5+ gxf5+ 52. Kd3 0-1

[Event "Wch U14"]
[Site "Khanty-Mansiysk"]
[Date "2016.09.28"]
[Round "6"]
[White "Zhou, Junfeng"]
[Black "Nanayakkara, JAK Saranath"]
[Result "1-0"]
[WhiteElo "2125"]
[BlackElo "1923"]
[PlyCount "99"]
[EventDate "2016.09.22"]
[EventType "swiss"]
[EventRounds "11"]
[EventCountry "RUS"]
[SourceTitle "EXT 2017"]
[Source "ChessBase"]
[SourceDate "2016.10.25"]
[SourceVersion "1"]
[SourceVersionDate "2016.10.25"]
[SourceQuality "1"]

1. c4 e5 2. Nc3 Nf6 3. g3 Nc6 4. Bg2 Bc5 5. e3 d6 6. Nge2 0-0 7. 0-0 h6 8. d4 exd4 9. exd4 Bb6 10. h3 Re8 11. Be3 a6 12. Qc2 Rb8 13. a3 Ne7 14. c5 Ba7 15. b4 Bf5 16. Qb3 Qd7 17. Kh2 Bd3 18. Rfe1 Nf5 19. Nf4 Nxe3 20. fxe3 Bh7 21. e4 c6 22. e5 g5 23. exf6 gxf4 24. Ne2 Re3 25. Qd1 Rbe8 26. Nxf4 Rxe1 27. Qh5 R1e6 28. Qxh6 Rxf6 29. Qxf6 Qf5 30. Qh6 Bg6 31. Rf1 Bb8 32. Nd5 Qxf1 33. Bxf1 dxc5 34. Bg2 Re2 35. Kg1 Be4 36. Qg5+ Kf8 37. Qd8+ Kg7 38. Bxe4 cxd5 39. Qxb8 dxe4 40. dxc5 e3 41. Qe5+ Kf8 42. Kf1 Rf2+ 43. Ke1 Rh2 44. Qxe3 Rxh3 45. Qf3 Rh6 46. Qxb7 Re6+ 47. Kd2 Rg6 48. c6 Rxg3 49. Qb8+ Ke7 50. Qxg3 1-0

[Event "Wch U14"]
[Site "Khanty-Mansiysk"]
[Date "2016.09.24"]
[Round "3"]
[White "Nanayakkara, JAK Saranath"]
[Black "Gunduz, Umut Erdem"]
[Result "1-0"]
[WhiteElo "1923"]
[BlackElo "2109"]
[PlyCount "61"]
[EventDate "2016.09.22"]
[EventType "swiss"]
[EventRounds "11"]
[EventCountry "RUS"]
[SourceTitle "EXT 2017"]
[Source "ChessBase"]
[SourceDate "2016.10.25"]
[SourceVersion "1"]
[SourceVersionDate "2016.10.25"]
[SourceQuality "1"]

1. d4 Nf6 2. c4 c5 3. d5 e6 4. Nc3 exd5 5. cxd5 d6 6. e4 g6 7. h3 Bg7 8. Nf3 0-0 9. Bd3 a6 10. a4 Nbd7 11. 0-0 Re8 12. Be3 Qc7 13. Nd2 Ne5 14. Be2 Rb8 15. f4 Ned7 16. Qc2 b6 17. Rae1 Bb7 18. Bc4 Re7 19. Qd3 Qc8 20. Bf2 Re8 21. Bg3 Kh8 22. Nf3 Nh5 23. Bh2 Bh6 24. Ne2 Bg7 25. g4 Bd4+ 26. Kh1 Ng7 27. Nc3 Bxc3 28. bxc3 Nf8 29. f5 Qd8 30. f6 Qxf6 31. Ne5 1-0

[Event "Negombo op 2nd"]
[Site "Negombo"]
[Date "2016.08.17"]
[Round "9"]
[White "Nanayakkara, JAK Saranath"]
[Black "Amarasinghe, AACB"]
[Result "1/2-1/2"]
[WhiteElo "1878"]
[BlackElo "1863"]
[PlyCount "82"]
[EventDate "2016.08.13"]
[EventType "swiss"]
[EventRounds "9"]
[EventCountry "SRI"]
[SourceTitle "EXT 2019"]
[Source "ChessBase"]
[SourceDate "2018.10.10"]
[SourceVersion "1"]
[SourceVersionDate "2018.10.10"]
[SourceQuality "1"]

1. d4 Nf6 2. Nf3 c5 3. g3 cxd4 4. Nxd4 e5 5. Nb3 d5 6. Bg2 h6 7. 0-0 Nc6 8. Re1 Bg4 9. N1d2 Qd7 10. c3 Bh3 11. e4 Bxg2 12. Kxg2 0-0-0 13. exd5 Nxd5 14. Nc4 f6 15. Be3 h5 16. Qf3 h4 17. Rad1 hxg3 18. hxg3 Qh3+ 19. Kg1 Qh2+ 20. Kf1 Qh1+ 21. Qxh1 Rxh1+ 22. Ke2 Rxe1+ 23. Rxe1 b5 24. Nca5 Nxa5 25. Nxa5 Nxe3 26. fxe3 Bc5 27. Nb3 Bb6 28. Rh1 a5 29. Nd2 f5 30. Nf3 Re8 31. Rh5 g6 32. Rh6 f4 33. Rxg6 Bxe3 34. Ne1 e4 35. Nc2 Bc1 36. gxf4 Bxf4 37. Ne3 Rh8 38. Rg1 Rh2+ 39. Rg2 Rh3 40. Nf1 Bc1 41. Rf2 Bh6 1/2-1/2

[Event "SRI-chB"]
[Site "Malabe"]
[Date "2015.06.28"]
[Round "9"]
[White "Nanayakkara, JAK Saranath"]
[Black "Lakshitha, HH Sasindu"]
[Result "1/2-1/2"]
[WhiteElo "1872"]
[BlackElo "1689"]
[PlyCount "65"]
[EventDate "2015.06.19"]
[EventType "swiss"]
[EventRounds "10"]
[EventCountry "SRI"]
[SourceTitle "CBM 167 Extra"]
[Source "ChessBase"]
[SourceDate "2015.09.14"]
[SourceVersion "1"]
[SourceVersionDate "2015.09.14"]
[SourceQuality "1"]

1. Nf3 d5 2. g3 Nf6 3. Bg2 c6 4. 0-0 Nbd7 5. d3 e5 6. Nbd2 Bd6 7. Re1 0-0 8. e4 Re8 9. Nh4 Nf8 10. Nf1 dxe4 11. dxe4 Ng6 12. Nxg6 hxg6 13. Bg5 Be7 14. Qxd8 Rxd8 15. Red1 Be6 16. Ne3 Kf8 17. Bxf6 gxf6 18. g4 Bc5 19. Bf3 Bxe3 20. fxe3 Ke7 21. a3 g5 22. Kg2 Rxd1 23. Rxd1 Rd8 24. Rxd8 Kxd8 25. h4 gxh4 26. Kh3 Ke7 27. Kxh4 Kf8 28. Kh5 Kg7 29. Be2 b6 30. Bd3 a5 31. a4 c5 32. b3 Kh7 33. c4 1/2-1/2

[Event "SRI-chB"]
[Site "Malabe"]
[Date "2015.06.27"]
[Round "8"]
[White "Herath, HMHCB"]
[Black "Nanayakkara, JAK Saranath"]
[Result "0-1"]
[WhiteElo "1438"]
[BlackElo "1872"]
[PlyCount "100"]
[EventDate "2015.06.19"]
[EventType "swiss"]
[EventRounds "10"]
[EventCountry "SRI"]
[SourceTitle "CBM 167 Extra"]
[Source "ChessBase"]
[SourceDate "2015.09.14"]
[SourceVersion "1"]
[SourceVersionDate "2015.09.14"]
[SourceQuality "1"]

1. d4 Nf6 2. c4 g6 3. Nc3 Bg7 4. e4 d6 5. Nge2 c5 6. d5 b5 7. cxb5 a6 8. Ng3 0-0 9. Be2 axb5 10. Bxb5 h5 11. 0-0 h4 12. Nge2 Qb6 13. Bc4 h3 14. g3 Nbd7 15. Qb3 Qc7 16. Nf4 Ne5 17. Nb5 Qb6 18. Nc3 Nxc4 19. Qxc4 Ba6 20. Qb3 Qxb3 21. axb3 Bxf1 22. Rxa8 Rxa8 23. Kxf1 Ra1 24. Nfe2 Nxe4 25. Nxe4 Bxb2 26. f3 Bxc1 27. Nxc1 Rxc1+ 28. Kf2 Rh1 29. g4 Rxh2+ 30. Kg3 Rb2 31. Kxh3 Rxb3 32. Kg2 Rb2+ 33. Kf1 c4 34. Ke1 f5 35. gxf5 gxf5 36. Nc3 Kf7 37. f4 e6 38. dxe6+ Kxe6 39. Kd1 d5 40. Ne2 Rxe2 41. Kxe2 d4 42. Kd2 Kd5 43. Ke2 Ke4 44. Kd2 c3+ 45. Kc2 Ke3 46. Kd1 d3 47. Ke1 c2 48. Kf1 Kf3 49. Kg1 Kg3 50. Kf1 c1Q# 0-1

[Event "SRI-chB"]
[Site "Malabe"]
[Date "2015.06.21"]
[Round "5"]
[White "Nanayakkara, JAK Saranath"]
[Black "Subasinghe, KRVR"]
[Result "0-1"]
[WhiteElo "1872"]
[BlackElo "1835"]
[PlyCount "172"]
[EventDate "2015.06.19"]
[EventType "swiss"]
[EventRounds "10"]
[EventCountry "SRI"]
[SourceTitle "CBM 167 Extra"]
[Source "ChessBase"]
[SourceDate "2015.09.14"]
[SourceVersion "1"]
[SourceVersionDate "2015.09.14"]
[SourceQuality "1"]

1. Nf3 e6 2. g3 d5 3. Bg2 c5 4. 0-0 Nc6 5. d3 Nf6 6. Nbd2 Be7 7. e4 0-0 8. e5 Nd7 9. Re1 Qc7 10. Qe2 b6 11. h4 Bb7 12. Nf1 Rac8 13. N1h2 Nd4 14. Qd1 Nxf3+ 15. Nxf3 d4 16. Bf4 b5 17. a4 a6 18. axb5 axb5 19. h5 Ra8 20. Rb1 Rfd8 21. Qc1 Nb6 22. h6 g6 23. Bg5 Re8 24. Bxe7 Qxe7 25. Nd2 Bxg2 26. Kxg2 Qg5 27. f4 Qxh6 28. Rh1 Qg7 29. c4 bxc4 30. Ne4 Nd7 31. Qxc4 f6 32. exf6 Nxf6 33. Nd6 Re7 34. Rhe1 Kf8 35. Rxe6 Rxe6 36. Qxe6 Qe7 37. Qe5 Qxe5 38. fxe5 Ng4 39. Nc4 Ke7 40. b4 Rb8 41. b5 Ke6 42. b6 Kd5 43. Re1 Ne3+ 44. Nxe3+ dxe3 45. Rxe3 Rxb6 46. Kf3 Re6 47. Kf4 Kd4 48. g4 h6 49. Re1 Kd5 50. Re4 Re8 51. Rc4 Rf8+ 52. Ke3 Rf1 53. Ke2 Rf7 54. Ke3 Re7 55. Kf4 g5+ 56. Kf5 Rxe5+ 57. Kg6 Re6+ 58. Kg7 Rb6 59. Rc1 Kd4 60. Rc4+ Kd5 61. Rc1 Rd6 62. Rc4 Kc6 63. Rc3 Kb5 64. Rb3+ Ka4 65. Rc3 Kb4 66. Rc4+ Kb5 67. Rc3 Rd4 68. Kxh6 Rxg4 69. Kg6 Kb4 70. Rc1 Rd4 71. Kxg5 Rxd3 72. Kf5 c4 73. Ke4 Kb3 74. Rb1+ Kc2 75. Ra1 Rd8 76. Ra7 c3 77. Ke3 Re8+ 78. Kf2 Kd2 79. Rd7+ Kc1 80. Rc7 c2 81. Rb7 Re4 82. Kf3 Re5 83. Rd7 Kb2 84. Rb7+ Kc3 85. Rc7+ Kd3 86. Rd7+ Kc4 0-1

[Event "SRI-chB"]
[Site "Malabe"]
[Date "2015.06.19"]
[Round "1"]
[White "Nanayakkara, JAK Saranath"]
[Black "Weerakoon, RKB"]
[Result "0-1"]
[WhiteElo "1872"]
[BlackElo "1535"]
[PlyCount "94"]
[EventDate "2015.06.19"]
[EventType "swiss"]
[EventRounds "10"]
[EventCountry "SRI"]
[SourceTitle "CBM 167 Extra"]
[Source "ChessBase"]
[SourceDate "2015.09.14"]
[SourceVersion "1"]
[SourceVersionDate "2015.09.14"]
[SourceQuality "1"]

1. Nf3 Nf6 2. g3 g6 3. Bg2 Bg7 4. 0-0 d6 5. d3 0-0 6. e4 c5 7. c3 Nc6 8. Re1 Qc7 9. h3 Nd7 10. Na3 a6 11. Nc2 b5 12. d4 Bb7 13. Be3 Rac8 14. Rc1 Qb8 15. h4 cxd4 16. Ncxd4 Nce5 17. Nxe5 Nxe5 18. b3 Qa8 19. Bf4 Nc6 20. Nxc6 Bxc6 21. Qe2 Bb7 22. Qd3 Rfd8 23. c4 b4 24. f3 a5 25. Be3 Qb8 26. Bb6 Rd7 27. Bxa5 Qa7+ 28. Kf1 Qxa5 29. Rc2 e6 30. Rec1 d5 31. exd5 exd5 32. Bh3 f5 33. g4 Rcd8 34. c5 Ba6 35. Rc4 dxc4 36. Qb1 c3+ 37. Kg2 Rd2+ 38. Kh1 Be5 39. Bg2 Qxc5 40. Rg1 Qf2 41. Qe1 Qxe1 42. Rxe1 c2 43. Rxe5 c1Q+ 44. Kh2 Rxg2+ 45. Kxg2 Qd2+ 46. Kg3 f4+ 47. Kh3 Bf1# 0-1

[Event "Asian Schools-ch U13 11th"]
[Site "Singapore"]
[Date "2015.06.02"]
[Round "4.1"]
[White "Nanayakkara, JAK Saranath"]
[Black "Avalboev, Sukhrobjon"]
[Result "1/2-1/2"]
[WhiteElo "1800"]
[BlackElo "1799"]
[PlyCount "46"]
[EventDate "2015.05.31"]
[EventType "swiss"]
[EventRounds "7"]
[EventCountry "SIN"]
[SourceTitle "EXT 2024"]
[Source "ChessBase"]
[SourceDate "2023.10.10"]
[SourceVersion "1"]
[SourceVersionDate "2023.10.10"]
[SourceQuality "1"]

1. Nf3 Nf6 2. g3 d5 3. Bg2 Bg4 4. d3 Nbd7 5. b3 e5 6. Bb2 Bd6 7. Nbd2 0-0 8. 0-0 Re8 9. e4 c6 10. Re1 Qc7 11. Qc1 a5 12. a4 h6 13. h3 Bh5 14. Nh4 Bf8 15. g4 Bg6 16. Nxg6 fxg6 17. Nf1 dxe4 18. dxe4 Kh7 19. Ng3 Be7 20. Ne2 Rf8 21. Ng3 Rfe8 22. Ne2 Nf8 23. Ng3 Ne6 1/2-1/2

[Event "World School-ch U13 11th"]
[Site "Pattaya"]
[Date "2015.05.14"]
[Round "9"]
[White "Budiarto, Dhatuyo"]
[Black "Nanayakkara, JAK Saranath"]
[Result "0-1"]
[WhiteElo "1857"]
[BlackElo "1800"]
[PlyCount "59"]
[EventDate "2015.05.07"]
[EventType "swiss"]
[EventRounds "9"]
[EventCountry "THA"]
[SourceTitle "CBM 166 Extra"]
[Source "ChessBase"]
[SourceDate "2015.06.18"]
[SourceVersion "1"]
[SourceVersionDate "2015.06.18"]
[SourceQuality "1"]

1. e4 c5 2. Nf3 d6 3. d4 cxd4 4. Nxd4 Nf6 5. f3 e5 6. Bb5+ Nbd7 7. Nf5 d5 8. exd5 a6 9. Ba4 b5 10. Bb3 Nb6 11. Ne3 Bc5 12. Nc3 Bb7 13. 0-0 Nbxd5 14. Ncxd5 Nxd5 15. Bxd5 Qxd5 16. Kh1 Qe6 17. Qe2 0-0 18. Ng4 Rfe8 19. Be3 Bd6 20. Nf2 f5 21. Rfe1 Rac8 22. a3 Qc4 23. Rad1 Bb8 24. c3 Qh4 25. Nh3 f4 26. Bxf4 Bxf3 27. Qxf3 exf4 28. Rxe8+ Rxe8 29. Nf2 Qe7 30. h3 0-1